Czasowniki Nieregularne w Angielskim - Statystyki

Ogólne statystyki
  • Ten quiz został rozwiązany 185 razy
    181 od ostatniego zresetowania
  • Średni wynik to 133 z 244
Statystyki odpowiedzi
Hint Odpowiedź % Poprawnych
Być 1 Be
99%
2 Was
94%
Iść 1 Go
93%
Nosić, Zakładać 1 Wear
93%
Wygrywać 1 Win
91%
Mieć 1 Have
88%
2 Went
88%
2 Were
87%
Robić (Czynność) 1 Do
85%
2 | 3 Had
85%
Kupować 1 Buy
84%
3 Been
83%
2 | 3 Bought
81%
2 Did
81%
Dawać 1 Give
80%
Robić (Tworzyć) 1 Make
79%
Biegać 1 | 3 Run
78%
Jeść 1 Eat
77%
3 Gone
77%
3 Done
76%
2 | 3 Made
76%
2 Ran
76%
Pisać 1 Write
76%
Pić 1 Drink
75%
3 Given
75%
Spać 1 Sleep
75%
2 Wrote
75%
2 Ate
74%
3 Eaten
74%
2 Gave
74%
Wiedzieć 1 Know
74%
2 Drank
73%
Myśleć 1 Think
73%
3 Written
73%
Czytać 1 | 2 | 3 Read
72%
Sprzedawać 1 Sell
72%
Śpiewać 1 Sing
72%
Pływać 1 Swim
72%
Powiedzieć 1 Say
71%
Płacić 1 Pay
70%
3 Drunk
69%
2 Forgot
69%
Dostawać 1 Get
69%
Marzyć 1 Dream
68%
Zapomnieć 1 Forget
68%
2 | 3 Won
68%
Latać 1 Fly
67%
2 | 3 Got
67%
Słyszeć 1 Hear
67%
2 Knew
67%
2 Sang
67%
Widzieć 1 See
67%
Kierować 1 Drive
66%
2 Saw
66%
2 | 3 Slept
66%
2 | 3 Sold
66%
2 Swam
66%
3 Forgotten
65%
Budować 1 Build
64%
2 Drove
64%
Siedzieć 1 Sit
64%
Rozumieć 1 Understand
64%
Czuć 1 Feel
63%
2 | 3 Said
63%
Kosztować 1 | 2 | 3 Cost
62%
Kroić, Ciąć 1 | 2 | 3 Cut
62%
Jeździć 1 Ride
62%
Nauczać 1 Teach
62%
2 | 3 Understood
62%
Zaczynać 1 Begin
61%
Uczyć się 1 Learn
61%
Brać 1 Take
61%
2 Began
60%
2 | 3 Built
60%
3 Sung
60%
3 Begun
59%
Łapać 1 Catch
59%
Rysować, pociągnąć, remisować 1 Draw
59%
2 | 3 Felt
59%
3 Known
59%
2 | 3 Paid
59%
2 | 3 Sat
59%
2 | 3 Thought
59%
Znajdować 1 Find
58%
Spotkać się 1 Meet
58%
3 Seen
58%
Wysłać 1 Send
58%
3 Taken
58%
Stawać się 1 | 3 Become
57%
3 Ridden
57%
2 Rode
57%
2 Chose
56%
3 Driven
56%
2 | 3 Found
56%
Budzić się 1 Wake up
56%
2 Became
55%
Walczyć 1 Fight
55%
2 | 3 Heard
55%
3 Swum
55%
Wybierać 1 Choose
54%
Rosnać 1 Grow
54%
2 Hid
54%
3 Hidden
54%
Chować 1 Hide
54%
2 | 3 Lost
54%
2 | 3 Met
54%
2 Took
54%
2 Broke
53%
3 Chosen
53%
2 Drew
53%
Spadać, Padać, Upadać 1 Fall
53%
Uderzać 1 | 2 | 3 Hit
53%
2 | 3 Sent
53%
2 Bit
52%
Łamać, Pękać, Rozbić, Tłuc 1 Break
52%
3 Broken
52%
2 Flew
52%
Dzwonić 1 Ring
52%
Przynosić 1 Bring
50%
Przychodzić 1 | 3 Come
50%
Stracić 1 Lose
50%
Mówić 1 Speak
50%
Stać 1 Stand
49%
2 Came
48%
Ranić, Boleć 1 | 2 | 3 Hurt
48%
2 Rang
48%
3 Rung
48%
Palić, Parzyć, Płonąć 1 Burn
47%
2 | 3 Dreamed
47%
2 Fell
47%
2 Grew
47%
Pokazywać 1 Show
47%
Spędzać, Wydawać 1 Spend
47%
2 Spoke
47%
2 Woke up
47%
3 Bitten
46%
3 Fallen
46%
Karmić 1 Feed
46%
Wybaczać 1 Forgive
46%
2 | 3 Fought
46%
Ugryźć 1 Bite
45%
3 Grown
45%
2 | 3 Spent
45%
3 Spoken
45%
2 Wore
45%
2 | 3 Learned
44%
Ustawiać 1 | 2 | 3 Set
44%
Kraść 1 Steal
43%
2 | 3 Caught
42%
Położyć 1 | 2 | 3 Put
42%
2 | 3 Burned
41%
2 | 3 Fed
41%
3 Flown
41%
3 Forgiven
41%
Leżeć 1 Lie
41%
2 Stole
41%
3 Woken up
41%
3 Drawn
40%
3 Stolen
40%
Rzucać 1 Throw
40%
3 Shown
39%
Wychodzić 1 Leave
38%
2 | 3 Left
38%
2 Forgave
37%
Zamarzać 1 Freeze
37%
2 Froze
37%
2 Lay
37%
2 | 3 Stood
37%
2 | 3 Brought
36%
3 Frozen
36%
2 | 3 Lent
36%
Pożyczać 1 Lend
35%
Bić 1 | 2 Beat
33%
2 Showed
32%
2 Threw
32%
3 Thrown
32%
Trząść 1 Shake
30%
2 | 3 Taught
28%
3 Worn
28%
3 Beaten
27%
Trzymać 1 Keep
25%
Mieć na Myśli 1 Mean
25%
3 Shaken
25%
2 | 3 Kept
22%
2 | 3 Meant
21%
Zamykać 1 | 2 | 3 Shut
18%
2 Shook
16%
3 Lain
13%
Obudzić się 1 Awake
11%
2 Awoke
11%
3 Awoken
11%
Nie znaleziono quizów pasujących do podanych kryteriów
Rozkład punktacji
Procent ludzi z każdym wynikiem
Percentyl według liczby udzielonych odpowiedzi
Twoja historia wyników
Nie rozwiązałeś tego quizu od ostatniego zresetowania